Historia inmortal El año 1932, Grupo de creación literaria "15 de abril" del comité Central de la Unión de Escritores de Corea (Registro nro. 12466)
[ vista simple ]
| 000 -ENCABEZADO | |
|---|---|
| Número de control [NR] | 00704nam a2200181Ia 4500 |
| 008 - DE LONGITUD FIJA DE DATOS DE ELEMENTOS - INFORMACIÓN GENERAL | |
| Elementos de longitud fija [NR] | 130821s1978 xx gr spa |
| 040 ## - FUENTE DE CATALOGACION [NR] | |
| Agencia de catalogación original [NR] | Co-BoUCM |
| Idioma de catalogación [NR] | spa |
| 041 ## - CODIGO DE IDIOMA [R] | |
| Código de idioma para texto/pista de sonido o título separado [R] | Español |
| 245 00 - MENCION DE TITULO [NR] | |
| Título [NR] | Historia inmortal El año 1932, Grupo de creación literaria "15 de abril" del comité Central de la Unión de Escritores de Corea |
| 260 ## - PUBLICACION, DISTRIBUCION, ETC. (PIE DE IMPRENTA) [R] | |
| Lugar de publicación, distribución, etc. [R] | Corea |
| Nombre del editor, distribuidor, etc. [R] | Ediciones en lenguas extranjeras |
| Fecha de publicación, distribución, etc. [R] | 1978 |
| 300 ## - DESCRIPCION FISICA [R] | |
| Extensión [R] | 706 páginas |
| 490 ## - MENCION DE SERIE [R] | |
| Mención de serie [R] | Ciclo de novelas |
| 500 ## - NOTA GENERAL [R] | |
| Nota general [NR] | En homenaje al 60 cumpleaños del estimado y querido lider Camarada Kim Il Sung |
| 650 04 - ASIENTO SECUNDARIO DE MATERIA - TERMINO TEMATICO [R] | |
| Término temático o nombre geográfico como elemento de entrada [NR] | Literatura coreana |
| 9 (RLIN) | 18631 |
| 650 04 - ASIENTO SECUNDARIO DE MATERIA - TERMINO TEMATICO [R] | |
| Término temático o nombre geográfico como elemento de entrada [NR] | Novela coreana |
| 9 (RLIN) | 20484 |
| 942 ## - ELEMENTOS DE ENTRADA AGREGADOS (KOHA) | |
| Tipo de ítem principal el descrito en 300a | Libro |
| Tema principal | Literatura |
| Edición | 1 |
| Parte restante de la signatura top. | H47 |
| Sistema de clasificación | DEWEY |
| Clasificación | 895.73 |
| Fecha de último préstamo | Total préstamos | Signatura topográfica | Código de barras | Última vez visto | Ejemplar | Price effective from | Tipo de ítem | Perdido | Sistema de clasificación | Dañado | No prestable | Tipo de ítem específico | Suprimido | Ubicación habitual | Ubicación actual | Localización | Fecha de creación | Forma de adquisición | Costo |
|---|---|---|---|---|---|---|---|---|---|---|---|---|---|---|---|---|---|---|---|
| 02/10/2015 | 1 | 895.73 H47 | 100019763 | 09/12/2025 | Ej.1 | 03/02/2013 | Libro | DEWEY | Libro | Claustro | Claustro | 2do piso | 28/02/2003 | Donación | 800.00 |